| 000 | 00541nam a2200133 i 4500 | ||
|---|---|---|---|
| 001 | 174965 | ||
| 003 | ES-MaACL | ||
| 005 | 20230906215716.0 | ||
| 008 | 100827s1890 sp |||| | spa d | ||
| 245 | 0 | 0 |
_aLa Palma : semanario de historia y literatura _b: número póstumo conmemorativo del 50º aniversario de la aparición de este periódico , cuyo primer número se publicó el 4 de octubre de 1840. |
| 260 |
_aLa Palma : _b[s.n.], _c1890 ( _fImpr. de Felipe Guasp y Vicens) |
||
| 300 |
_a40 p. ; _c33 cm. |
||
| 852 |
_aES-MaACL _jT-501-F-16 |
||
| 999 |
_c174965 _d174965 |
||